Russell Crowe Movies Quiz - Statistics

General Stats
  • This quiz has been taken 8,872 times
    6,969 since last reset
  • The average score is 7 of 12
Answer Stats
Description Movie % Correct
Roman general is cast into slavery but becomes a legend of the Colosseum Gladiator
98%
While God drowns the vast majority of humanity, a drunkard and his family survive aboard an ark Noah
89%
Medieval archer fights for justice against an evil English king Robin Hood
79%
Nobel Prize winning economist descends into madness A Beautiful Mind
76%
Mild-mannered reporter must use superpowers to defeat the evil General Zod Man of Steel
50%
English sea captain must hunt down a French ship near the Galapagos Islands Master and Commander: The Far Side of the World
49%
A ruthless police inspector pursues a kind-hearted French mayor Les Misérables
48%
1950's LAPD cops must unravel a noirish tale of murder, vice, and police corruption L.A. Confidential
45%
Honest Newark cop must take down an African-American gangster who is importing heroin from Vietnam American Gangster
40%
Underdog boxer must fight against a thuggish German champion Cinderella Man
40%
Stubborn man has the guts to reveal damning information about the tobacco industry The Insider
23%
Australian skinhead is a violent sociopath Romper Stomper
17%
No matching quizzes found
Score Distribution
Percent of People with Each Score
Percentile by Number Answered
Your Score History
You have not taken this quiz since the last reset